000 00624nam a2200229Ia 4500
003 OSt
005 20220928110128.0
006 a|||||r|||| 00| 0
007 ta
008 220927b |||||||| |||| 00| 0 hin d
024 _a64368
037 _cTextual
040 _aSDCL
_cSDCL
_bhin
041 _2hin
_ahin
082 _aV2y7M69, M8.2
100 _aKulkarni Sumitra
_9398933
245 0 _aAnmol virasat
_b Katha Gandhi aur azadi ki
260 _aDelhi
_bPrabhat Prakashan
_c1988
300 _a434p.
_ccm.
942 _hV2y7M69, M8.2
_cTEXL
_2CC
999 _c734243
_d734243